Estatísticas para Músicas da Fresno

Clique aqui para jogar o quiz

Estatísticas Gerais

  • Esse quiz foi jogado 19 vezes
  • A pontuação média é 55 de 142

Estatísticas das Respostas

ÁlbumMúsica% Correto
Ciano #8 | Redenção #7Alguém Que Te Faz Sorrir
75%
Eu Sou A Maré Viva #3Eu Sou a Maré Viva
75%
Ciano #2Quebre As Correntes
75%
Redenção #6Redenção
75%
Ciano #5Cada Poça Dessa Rua Tem um Pouco de Minhas Lágrimas
63%
Vou Ter Que Me Virar #3Casa Assombrada
63%
Infinito #5Diga, parte 2
63%
O Rio, A Cidade, A Árvore #6Duas Lágrimas
63%
Vou Ter Que Me Virar #2FUDEU!!!
63%
Infinito #2Infinito
63%
Cemitério Das Boas Intenções #5Infinito (Lá, Parte Dois)
63%
Vou Ter Que Me Virar #4Já Faz Tanto Tempo
63%
sua alegria foi cancelada #4Natureza Caos
63%
A Sinfonia de Tudo Que Há #5O Ar
63%
sua alegria foi cancelada #1O Arrocha Mais Triste do Mundo
63%
Redenção #12Polo
63%
Revanche #1Revanche
63%
INV003SAFC REMIX
63%
sua alegria foi cancelada #5Sua Alegria Foi Cancelada
63%
Infinito #11Vida (Biografia Em Ré Menor)
63%
Vou Ter Que Me Virar #1Vou Ter Que Me Virar
63%
sua alegria foi cancelada #2We'll Fight Together
63%
Ciano #1A Resposta
50%
A Sinfonia de Tudo Que Há #8A Sinfonia de Tudo Que Há
50%
sua alegria foi cancelada #8Cada Acidente
50%
Cemitério Das Boas Intenções #1Crocodilia
50%
Redenção #5Desde Quando Você Se Foi
50%
INV015DIGA, PARTE 1
50%
INV017 | Vou Ter Que Me Virar #5ELES ODEIAM GENTE COMO NÓS
50%
Redenção #10Europa
50%
Revanche #6Eu Sei
50%
SingleEVA
50%
O Rio, A Cidade, A Árvore #10Evaporar
50%
Ciano #11Infância
50%
sua alegria foi cancelada #3Isso Não é Um Teste
50%
Infinito #12 | Infinito #3Maior Que As Muralhas
50%
Eu Sou A Maré Viva #2Manifesto
50%
Redenção #13Milonga
50%
O Rio, A Cidade, A Árvore #2Onde Está
50%
Ciano #3O Que Hoje Você Vê
50%
Eu Sou A Maré Viva #4O Único a Perder
50%
Revanche #12Porto Alegre
50%
Infinito #8Sobreviver e Acreditar
50%
Ciano #14 | Quarto Dos Livros #10Sono Profundo
50%
Ciano #13 | Quarto Dos Livros #8Stonehenge
50%
Ciano #12 | Quarto Dos Livros #1Teu Semblante
50%
Redenção #3Uma Música
50%
Quarto Dos Livros #91 Eu Sem 1 Você
38%
Vou Ter Que Me Virar #106h34 (NEM LIGA GURIA)
38%
Ciano #4Absolutamente Nada
38%
Cemitério Das Boas Intenções #2A Gente Morre Sozinho
38%
Vou Ter Que Me Virar #6Agora Deixa
38%
INV020AGORA DEIXA
38%
Revanche #10A Minha História Não Acaba Aqui
38%
Eu Sou A Maré Viva #1À Prova de Balas
38%
INV010ASMA
38%
A Sinfonia de Tudo Que Há #11Canção Desastrada
38%
Quarto Dos Livros #4Carpe Diem
38%
Quarto Dos Livros #3Carta
38%
Infinito #7Cativeiro (Ana Cruise)
38%
Revanche #2Deixa O Tempo
38%
A Sinfonia de Tudo Que Há #2Deixa Queimar
38%
Revanche #4Die Lüge
38%
Ciano #10Enferrujou
38%
Vou Ter Que Me Virar #8Essa Coisa (Acorda - Trabalha - Repete - Mantém)
38%
Infinito #10Farol
38%
Vou Ter Que Me Virar #11Grave Acidente
38%
A Sinfonia de Tudo Que Há #3Hoje Sou Trovão
38%
Infinito #1Homem Ao Mar
38%
Eu Sou A Maré Viva #5Icarus
38%
O Rio, A Cidade, A Árvore #7Impossibilidades
38%
Quarto Dos Livros #7Mais Um Soldado
38%
Cemitério Das Boas Intenções #3Não Vou Mais
38%
Revanche #5Nesse Lugar
38%
SingleOnde Fica a Estrela
38%
Ciano #7O Peso do Mundo
38%
Infinito #4O Resto é Nada Mais
38%
O Rio, A Cidade, A Árvore #1Orgulho
38%
O Rio, A Cidade, A Árvore #11Outra Vez
38%
O Rio, A Cidade, A Árvore #12Pergunta
38%
O Rio, A Cidade, A Árvore #9Planos e Promessas
38%
A Sinfonia de Tudo Que Há #4Poeira Estelar
38%
Revanche #8Quando Crescer
38%
sua alegria foi cancelada #9Quando Eu Caí
38%
Revanche #7Relato De Um Homem de Bom Coração
38%
Cemitério Das Boas Intenções #4Relato De Um Homem De Bom Coração
38%
Quarto Dos Livros #6Se Algum Dia Eu Não Acordar
38%
A Sinfonia de Tudo Que Há #1Sexto Andar
38%
Vou Ter Que Me Virar #9Tell Me Lover
38%
A Sinfonia de Tudo Que Há #6Abrace Sua Sombra
25%
A Sinfonia de Tudo Que Há #10A Maldição
25%
A Sinfonia de Tudo Que Há #7Astenia
25%
A Sinfonia de Tudo Que Há #9Axis Mundi
25%
Vou Ter Que Me Virar #7Caminho Não Tem Fim
25%
Revanche #13Canção Da Noite (Todo Mundo Precisa de Alguém)
25%
Redenção #4Contas Vencidas
25%
sua alegria foi cancelada #6Convicção
25%
SingleDeixa a Alma Escapar
25%
Quarto Dos Livros #2Desde Já
25%
SingleDEUS EX MACHINA
25%
sua alegria foi cancelada #7De Verdade
25%
Revanche #3Esteja Aqui
25%
INV014EU INVENTEI VOCÊ
25%
sua alegria foi cancelada #10Eu Não Sei Lidar
25%
O Rio, A Cidade, A Árvore #3Experiência
25%
Redenção #9Goodbye
25%
Ciano #6Logo Você
25%
Revanche #11Não Leve a Mal
25%
Redenção #2Não Quero Lembrar
25%
Quarto Dos Livros #5O Gelo
25%
O Rio, A Cidade, A Árvore #4O Que Sobrou
25%
Redenção #8Passado
25%
Infinito #6Seis
25%
Revanche #9Se Você Voltar
25%
Redenção #1Sobre Todas As Coisas Que Eu...
25%
Ciano #9Soneto Para Petr Cech
25%
Infinito #9Sutjeska
25%
O Rio, A Cidade, A Árvore #8Velha História
25%
O Rio, A Cidade, A Árvore #5Verdades Que Tanto Guardei
25%
Redenção #11Você Perdeu De Novo
25%
INV00112 WORDS 30000 STONES
13%
INV0046h34 (NEM LIGA GURIA)
13%
SingleAcordar
13%
INV018BAKA
13%
SingleBROKEN DREAMS (STRESS-DOMMAGE-INSOMNIE)
13%
INV013DEIXA ELE ANDAR
13%
INV011E VEJA SÓ
13%
INV006HEART IS KING
13%
INV005ONTEM FOI DIFÍCIL
13%
INV002O SONHO É A SENHA
13%
INV016POST-APOCALYPTIC LIFELINE
13%
INV008SERÁ QUE AINDA TENHO VOCÊ
13%
INV007TEU INVERNO FAZ CALOR
13%
INV009VALA COMUM
13%
INV012XR3
13%
INV019ELEVATOR BEAT
0%

Distribuição das Pontuações

Percentil de Números Respondidos

Porcentagem de Pessoas com Cada Pontuação

Sua Pontuação Histórica

Você não jogou esse quiz